Huesos - ¡Muerte súbita! - Estadísticas

Estadísticas generales
  • Esta prueba ha sido intentada 12.919 veces
    12.862 desde el último reinicio
  • La puntuación promedio es 8 de 15
Answers on the Grid
Answers color-coded by a green-red scale on the quiz's grid according to % correct below.
Sesamoideo
Tibia
Martillo
Cúbito
Hueso de la Risa
Incisivo central
Médula Osea
Yunque
Estribo
Metacarpiano
Ventriculo Derecho
Aorta
Apéndice
Tímpano
Yeyuno-íleon
Rótula
Retina
Clavícula
Radio
Húmero
Coxis
Nutella
Vístula
Peroné
Cartílago
Hioides
Vértebra
 
Estadísticas de respuestas
Respuesta % Correcto
Tibia
69%
Peroné
68%
Clavícula
67%
Radio
66%
Coxis
64%
Cúbito
64%
Húmero
64%
Rótula
64%
Vértebra
59%
Metacarpiano
53%
Martillo
51%
Yunque
46%
Estribo
41%
Hioides
22%
Sesamoideo
21%
No se encontraron pruebas coincidentes
Distribución de puntuación
Porcentaje de gente con cada puntuación
Porcentaje por número respondido
Historial de tus puntuaciones
No has intentado esta prueba desde el último reinicio